000
00327nam a2200133Ia 4500
003
IN-BaIIA
008
211028s9999 xx 000 0 eng d
040
_c
IIA Library
080
_a
912(086.43)
245
0
_a
Scan globe (Cartographic material)
260
_a
Denmark
650
_a
Globe
_9
22073
942
_c
BK
999
_c
12599
_d
12599